[Event "WLS Seniors Ch"]
[Site "?"]
[Date "2022.09.03"]
[Round "2.5"]
[White "Van Kemenade, R."]
[Black "Hughes, Anthony"]
[Result "1-0"]
[WhiteElo "1922"]
[BlackElo "1865"]
[Annotator "kemen"]
[PlyCount "95"]
[EventDate "2022.??.??"]
[SourceVersionDate "2022.09.05"]

{[%evp 0,12,19,38,83,65,65,61,73,64,82,63,45,16,10]} 1. e4 c6 2. d4 d5 3. e5 c5
4. Nf3 cxd4 (4... Nc6) 5. Nxd4 Nc6 6. c4 e6 7. Nc3 Bb4 8. Nxc6 bxc6 9. Qg4 (9.
Qa4 {main} a5 10. cxd5 Qxd5 11. Qxb4 axb4 12. Nxd5 exd5 13. Be3 f6 14. f4) 9...
Ne7 10. cxd5 (10. Qxg7 {Cloud Engines} Rg8 11. Qxh7 d4 12. a3 Qa5 13. axb4 Qxa1
14. Qb1 $11 {2 draws}) 10... Bxc3+ 11. bxc3 Qxd5 (11... Qa5 12. Bd2 exd5 13.
Qxg7 Rg8 14. Qxh7 $18 {Kaufeld-Loehr, GER ch AmateurNet, blitz 2020,1-0}) 12.
Qxg7 {the position resembles a French more than a traditional CaroKann} (12.
Qd4 {Cloud Engines} Qxd4 13. cxd4 Nf5 14. Bb2 Bb7 15. Rb1 $14 {
Morawietz-Guddat, NRW Class2,2008,1-0}) 12... Rg8 13. Qf6 Qe4+ 14. Be3 (14. Be2
Ba6 15. Qf3 Qxe5 16. Qe3 Qxe3 17. Bxe3 Bxe2 18. Kxe2 Rxg2 19. Rab1 $15 {
KomodoDragon3}) 14... Nd5 15. Qf3 Qxe5 16. Rc1 Rb8 (16... Bb7 $15 {Cloud
Engines}) 17. Be2 c5 (17... Rb2 18. g3 (18. Bd4 Qg5 $1 19. Rd1 e5 20. Bc5 Bg4
21. Qxg4 Qxg4 22. Bxg4 Rxg4 23. O-O Nxc3 $19) 18... Rg6 19. Bd4 Qd6 20. O-O Nf4
21. Rfe1 Bb7 22. Qe3 c5 23. Be5 Nh3+ 24. Kf1 Qd5 25. f3 Rg5 $17 {KomodoDragon3}
) 18. O-O Nxe3 (18... Rb2 $11) 19. fxe3 $14 {the discovered attack along the f
file has gained Wh the iniative} Rg7 20. Rb1 Rb6 (20... Rxb1 21. Rxb1 Ke7 $14)
21. Rxb6 axb6 22. Qa8 (22. Bb5+ Ke7 23. Qc6 Rg8 24. Qxb6 Qxe3+ 25. Kh1 f5 26.
Rg1 $16 {KomodoDragon3}) 22... Qxe3+ 23. Rf2 Qc1+ 24. Bf1 $18 Kd8 25. Qb8 f5 (
25... Qxc3) 26. Qxb6+ $18 (26. Rf3 $18) 26... Rc7 27. Qd6+ (27. Rf3 $1) 27...
Rd7 28. Qf8+ (28. Qxe6 Qxc3 29. Qb6+ Rc7 30. a4 {KomodoDragon3}) 28... Kc7 29.
Qxc5+ Kb8 (29... Kd8 {might be a little better though} 30. a4 $18 {
KomodoDragon3}) 30. Qe5+ Rc7 31. c4 Ba6 32. Rb2+ (32. Qxe6 Bc8 (32... Bxc4 33.
Qb6+ Kc8 34. Rxf5 $18) 33. Qb6+ Bb7 34. Rxf5 $18 {KomodoDragon3}) 32... Bb7 33.
Rb5 (33. a4 $1) 33... Qg5 34. c5 Kc8 (34... Qg7) 35. Qxe6+ Kd8 36. c6 {second
choice of KomodoDragon3} (36. Rb3 $1) 36... Rxc6 37. Rd5+ Kc7 38. Rd7+ (38.
Qe5+ Kb6 39. Qb8 $18) 38... Kb8 39. Qe5+ Ka7 40. Qa5+ (40. Rd4) 40... Kb8 41.
Rd8+ (41. Qe5+ Ka7 42. Qd4+) (41. Rxh7) (41. Qd8+ {considered by Wh} Qxd8 42.
Rxd8+ Kc7 43. Rh8 Rc1 44. Rxh7+ Kc8 45. Rh6 Kd7 46. a4 Bc6 47. Rf6 Be4 48. Kf2
$18) 41... Bc8 42. Qe5+ Kb7 (42... Rc7) 43. Rd4 (43. Re8) 43... Rb6 44. Be2 (
44. g3 $1) 44... Qc1+ 45. Kf2 (45. Rd1) 45... Rb2 46. Qe7+ (46. Rc4 $1) 46...
Kb8 47. Rb4+ Ka8 (47... Rxb4 48. Qxb4+ Ka8 49. Qc4 Qxc4 50. Bxc4 {and Wh wins
the ending comfortably}) 48. Ra4+ 1-0

[Event "WLS Seniors Ch"]
[Site "?"]
[Date "2022.09.03"]
[Round "2.1"]
[White "Morris, Charles F"]
[Black "Davis, Lee"]
[Result "1-0"]
[WhiteElo "2085"]
[BlackElo "1922"]
[Annotator "kemen"]
[PlyCount "89"]
[EventDate "2022.??.??"]
[SourceVersionDate "2022.09.05"]

{[%evp 0,3,28,-6,61,16]} 1. c4 g6 2. g3 Bg7 3. Bg2 c5 4. Nc3 Nc6 5. Nf3 e6 6.
d3 Nge7 7. Bg5 h6 8. Bd2 O-O 9. Qc1 Kh7 10. O-O {4-1} (10. Rb1 {3-1-8}) 10...
d6 {5-3-5} (10... d5 {50 games}) 11. Rb1 Rb8 12. a3 b6 (12... Nf5 13. b4 {
2.5-0.5}) 13. b4 Bb7 {4-3-9} 14. e3 Qd7 15. Rd1 e5 (15... Rfd8 16. Ne2 Rbc8 17.
Bc3 Bxc3 18. Nxc3 cxb4 19. axb4 d5 {Maletin-Inarkiev,Novosibirsk Siberian Bank
Cup rapid 2012,1-0}) (15... Ne5 16. Nxe5 Bxe5 17. Qc2 Bxg2 18. Kxg2 Bg7 19. Qa4
Qb7+ 20. Kg1 Nc6 21. f4 Nd4 22. Ne4 f5 23. Nxd6 Qf3 24. Re1 Ne2+ {
Moskalenko-Dubov, RUS ch rapid 2017,0-1}) (15... g5 $15 {FatFritz2 &
KomodoDragon3}) 16. Qc2 Nd8 17. Ne2 Ne6 18. Bc3 Bxf3 (18... f5 $15 {both
Engines}) 19. Bxf3 Ng5 (19... d5) 20. Bg2 Qf5 21. f4 (21. Nc1 $16 {
KomodoDragon3} Nf3+ 22. Kh1 Qh5 23. h3 Ng5 24. Qe2) (21. Kf1 Nf3 22. h3 $16 {
FatFritz2}) 21... Nh3+ 22. Bxh3 Qxh3 $11 23. fxe5 Bxe5 (23... dxe5 $15 {
both Engines}) 24. Bxe5 dxe5 25. bxc5 Nf5 26. Qd2 bxc5 27. e4 $11 (27. Nc3 $11)
27... Nd4 {FatFritz2} (27... Ng7 {KomodoDragon3}) 28. Nxd4 exd4 29. Qa5 Qh5 30.
Qd2 Qe5 $11 {(draw?)} 31. Qf4 Qxf4 (31... Rxb1 32. Rxb1 Qe7 {KomodoDragon3}) (
31... Qe8 {FatFritz2}) 32. gxf4 a6 (32... g5 $11 {both Engines}) 33. h4 h5 (
33... g5 $11 {both Engines}) 34. Kf2 $16 Kg7 35. Ke2 Kf6 36. Kd2 Ke6 37. Kc2
Kd7 (37... f6 $11 {both Engines}) 38. Rg1 Rxb1 39. Rxb1 Kc7 40. Rg1 Rb8 (40...
Kc6 $14 {both Engines}) 41. Rg5 $18 Kd6 42. Rd5+ Kc6 43. e5 Ra8 44. Rd6+ Kc7
45. Rf6 1-0

[Event "WLS Seniors Ch"]
[Site "?"]
[Date "2022.09.03"]
[Round "2.2"]
[White "Penny, Liam"]
[Black "Adams, Mark"]
[Result "1-0"]
[WhiteElo "1765"]
[BlackElo "1877"]
[Annotator "kemen"]
[PlyCount "41"]
[EventDate "2022.??.??"]
[SourceVersionDate "2022.09.05"]

{[%evp 0,9,28,18,19,16,16,13,23,31,24,4]} 1. d4 Nf6 2. Nc3 d5 3. Bf4 a6 (3...
e6) (3... Bf5) (3... c6 {main lines}) 4. e3 e6 5. g4 {Carlsen, & Firouzja have
played this, Niemann & Bortnyk most frequent users} (5. Nf3 {main}) 5... c5 6.
g5 Nfd7 7. Nf3 Nc6 8. h4 Qb6 (8... b5 {34 games}) 9. Na4 $146 (9. Rb1 {1-2}) (
9. a3 {1-1-1}) 9... Qa5+ 10. c3 Qd8 (10... c4 {Cloud Engines} 11. b4 Bxb4 (
11... cxb3 12. Qxb3 b5 $11) 12. cxb4 Qxb4+ 13. Nd2 e5 $11 {KomodoDragon3}) 11.
dxc5 Nxc5 12. Ne5 (12. Nxc5 Bxc5 13. h5 $16 {Deep Fritz14 & KomodoDragon3})
12... Bd6 (12... Nxe5 13. Nxc5 Nc6 14. Nd3 Bd6 $11 {KomodoDragon3}) 13. Nxc6
bxc6 14. Nxc5 {KomodoDragon3} (14. Bxd6 Qxd6 15. Nxc5 Qxc5 $11 {Deep Fritz14})
14... Bxc5 (14... Bxf4 15. exf4 $18 {leaves Bl with a bad B vs N}) 15. Be5 O-O
(15... f6 {looks like it should have been tried}) 16. Qh5 {allows Bl an escape
route} (16. Bd3 $1 g6 17. e4 $18 {KomodoDragon3} (17. Qa4 {Deep Fritz14} Bd6
18. Bxd6 Qxd6 19. h5 e5 $14)) 16... Re8 (16... Bd6 {given by both Engines} 17.
Bxd6 g6 18. Qf3 Qxd6 19. h5 e5 $11 {KomodoDragon3}) 17. Bxg7 $6 {looks good ,
but flawed} (17. Bd3 g6 18. Qf3 Ra7 19. h5 $18 Rf8 20. Qg3 a5 21. O-O-O Qb6 22.
Qf4 Qd8 23. Qh4 Rb7 24. hxg6 fxg6 25. Qxh7+ Rxh7 26. Rxh7 $18 {KomodoDragon3})
17... Kxg7 18. Qh6+ Kg8 $2 {staying on the g file is fatal} (18... Kh8 19. Bd3
f5 20. gxf6 Ra7 21. Rg1 Rg8 $19 {KomodoDragon3}) 19. Bd3 f5 20. gxf6 Qd7 21.
Rg1+ 1-0

[Event "WLS Seniors Ch"]
[Site "?"]
[Date "2022.09.03"]
[Round "3.3"]
[White "Quinn, Peter"]
[Black "Van Kemenade, R."]
[Result "0-1"]
[WhiteElo "1645"]
[BlackElo "1922"]
[Annotator "kemen"]
[PlyCount "62"]
[EventDate "2022.??.??"]
[SourceVersionDate "2022.09.05"]

{[%evp 0,15,19,38,25,7,33,18,26,37,3,30,14,11,7,4,29,5]} 1. e4 e5 2. Nf3 Nf6 3.
Nc3 (3. Bc4 Nxe4 4. Nxe5 d5 5. Bb3 Qg5 6. Ng4 Bxg4 7. f3 Qh4+ 8. Kf1 Qf2# {
Quinn-Van Kemenade, WLS Blitz ch 2022,0-1}) 3... Bb4 4. Nd5 (4. Bc4) (4. Nxe5 {
main lines}) 4... Nxd5 5. exd5 e4 (5... O-O) (5... d6) 6. Nd4 O-O 7. c3 Bc5 8.
Nc2 {1-2-2} (8. Nb3 Bb6 9. Bc4 {0.5-5.5}) 8... d6 (8... Re8 9. Ne3 d6 {1-1}) 9.
Ne3 {the 4th move of the N} (9. d4 {2 draws}) 9... f5 $19 {KomodoDragon3} 10.
f4 g5 (10... exf3 11. Qxf3 f4 $19 {KomodoDragon3} 12. Nd1 Qh4+ 13. g3 (13. Nf2
Bg4) 13... Bg4 14. gxh4 Bxf3 15. d4 Bxh1 16. dxc5 Nd7 $19 {KomodoDragon3}) 11.
d4 {opens up the centre when the K is still there, but best try-KomodoDragon3}
exd3 12. b4 Bb6 13. Nc4 (13. Qxd3 a5 $17) 13... Qe7+ 14. Kd2 Qe4 15. Nxb6 (15.
Bxd3 Qxg2+ 16. Be2 Qxd5+ $19 {seen by Bl, confirmed KomodoDragon3}) 15... Qxf4+
16. Kxd3 Qe4+ 17. Kd2 axb6 $19 18. Qf3 Qe5 {keeping Qs on, as the Wh K isstuck
in the middle} 19. Bc4 (19. Kc2 $5) 19... f4 20. Re1 Qf6 21. h3 Nd7 22. Bb3 (
22. Re6 Qg7 23. Bb2 Ne5 $19 24. Rxe5 Qxe5 25. Re1 Qg7 $19 {KomodoDragon3})
22... Ne5 23. Qe4 (23. Rxe5 $5 {KomodoDragon3}) 23... Bf5 (23... f3 {
KomodoDragon3}) 24. Qe2 (24. Qd4 f3 25. g4 Bg6 $19 {seen by Bl}) 24... Nd3 (
24... Rae8) 25. Rf1 (25. Qe7 Qh6 26. Re2 Qh4 $19 {KomodoDron3}) 25... Rae8 26.
Qh5 Bg6 (26... Re3 {KomodoDragon3}) 27. Qg4 h5 (27... Qe5 $1 $19 {KomodoDragon3
}) 28. Qd1 Re3 29. Bc4 Nf2 30. Qb3 Ne4+ 31. Kd1 Nxc3+ 0-1

[Event "WLS Seniors ch"]
[Site "?"]
[Date "2022.09.03"]
[Round "3.4"]
[White "Williams, Duncan"]
[Black "Thomas, Roy"]
[Result "1-0"]
[WhiteElo "1725"]
[BlackElo "1671"]
[Annotator "kemen"]
[PlyCount "53"]
[EventDate "2022.09.03"]
[SourceVersionDate "2022.09.05"]

{[%evp 0,5,28,21,103,64,55,34]} 1. e4 c5 2. Nf3 Nc6 3. Bc4 d6 (3... e6 {main})
4. O-O e5 (4... Nf6 5. Nc3 g6 6. d3 {main}) 5. Re1 Nf6 6. c3 Na5 $146 (6... Be7
7. d4 {9-1-2}) 7. Bf1 Bg4 (7... Nc6) 8. h3 (8. d4 cxd4 9. b4 Nc6 10. b5 Na5 11.
cxd4 $18 {Fritz17 & KomodoDragon3}) 8... Bh5 (8... Bxf3 9. Qxf3 Nc6 10. Bc4 $16
) 9. d4 cxd4 10. cxd4 (10. g4 Bg6 11. cxd4 $18 {KomodoDragon3}) (10. b4 Nc6 11.
b5 Nb8 12. cxd4 {definite Wh plus Fritz17, KomodoDRagon3 gives Wh win}) 10...
a6 (10... Bxf3 11. Qxf3 exd4 12. Qg3 $16 {both Engines}) 11. g4 Bg6 12. dxe5
$18 Nxe4 (12... dxe5 13. Nxe5 Qxd1 14. Rxd1 Nc6 (14... Nxe4 15. Nxg6 hxg6 16.
Re1) 15. Nxc6 bxc6 16. Nc3 $18) 13. exd6 (13. Nc3 $1 {both Engines} Nxc3 14.
exd6+ Ne4 15. Qa4+ Nc6 16. Rxe4+ Bxe4 17. Qxe4+ Be7 18. dxe7 Qxe7 19. Qc2 $18)
13... Bxd6 14. Qa4+ b5 15. Rxe4+ Bxe4 16. Qxe4+ $18 Be7 17. b4 (17. Bg5 {
both Engines}) 17... Nc4 18. Bxc4 bxc4 19. Qc6+ Kf8 20. Nc3 h5 21. g5 f6 22.
Nd5 Kf7 23. g6+ (23. Qxc4 {looks simpler}) 23... Kf8 (23... Kxg6 24. Qe6 Re8
25. Ng5 $18) 24. Nxe7 (24. Nd4 {mating}) 24... Kxe7 25. Bf4 Rc8 26. Re1+ Kf8
27. Bd6+ 1-0

[Event "WLS Seniors ch"]
[Site "?"]
[Date "2022.09.03"]
[Round "3.5"]
[White "Probert, Malcolm"]
[Black "Saunders, Walter"]
[Result "0-1"]
[WhiteElo "1573"]
[BlackElo "1982"]
[Annotator "kemen"]
[PlyCount "81"]
[EventDate "2022.09.03"]
[SourceVersionDate "2022.09.05"]

{[%evp 0,16,80,23,17,-24,-10,-12,13,11,11,-61,-24,-6,-38,-39,9,28,21]} 1. Nf3
Nf6 2. g3 d5 3. d4 e6 4. Bg2 c5 5. c4 (5. O-O {main}) 5... cxd4 6. O-O Bc5 7.
Nxd4 dxc4 (7... O-O) 8. Qa4+ Kf8 $146 (8... Qd7) (8... Nbd7) 9. Nf3 (9. Nb5 Nc6
10. Qxc4 Qe7 11. N5c3 $16 {KomodoDragon3}) 9... Qc7 (9... Nc6) 10. Bf4 $18 Qc6
11. Qc2 Qe4 (11... Be7 12. Na3 Nd5 13. Nxc4 Nxf4 14. gxf4 Qc7 15. Rac1 $18 {
KomodoDragon3}) 12. Qxe4 (12. Qd1 Qc6 13. Nbd2 c3 14. Rc1 Na6 15. Rxc3 $18 {
KomodoDragon3}) 12... Nxe4 13. Ne5 $18 g5 14. Bxe4 (14. Bc1 Nd6 15. Bxg5 $18 {
KomodoDragon3}) 14... gxf4 15. Rd1 $16 (15. gxf4 $16) 15... Nc6 16. Nxc4 (16.
Bxc6 bxc6 17. Nc3 $16 {KomodoDragon3}) 16... fxg3 17. hxg3 Ke7 18. Nc3 Bd7 19.
e3 $14 (19. Na4 $16) 19... f5 20. Bg2 Nd8 21. Ne5 (21. Rac1) 21... Be8 22. Rd2
Rc8 23. Rc1 Bb4 24. Rdc2 Nc6 (24... Bd6 $14) 25. Ne2 (25. Nb5 a6 26. Na7 Nxa7
27. Rxc8 Nxc8 28. Rxc8 $18 {KomodoDragon3}) (25. Bxc6 bxc6 26. Ne2 $18 {
KomodoDragon3}) 25... Bh5 26. Nxc6+ (26. Nf4 Be8 27. Bxc6 bxc6 28. Nxc6+ Rxc6
29. Rxc6 Bxc6 30. Rxc6 Bd6 31. Ra6 $18 {KomodoDragon3}) 26... bxc6 27. Nf4 (27.
Nd4 $18 {KomodoDragon3}) 27... Bf7 28. Nd3 Bd6 29. Rxc6 Rxc6 30. Rxc6 Rb8 31.
Ra6 $18 Rb6 32. Rxa7+ Kf6 33. f4 {the two Q side pawns should be winning} h5
34. a4 (34. Kf2 {guards}) 34... Be8 35. b4 Bxb4 36. Nxb4 (36. Ra8 $1 Bf7 37. a5
{the R needs to stay with the B} Rb5 38. Bc6 Rxa5 39. Nxb4 $18 {KomodoDragon3})
36... Rxb4 $11 37. a5 Rb1+ 38. Kh2 Ra1 (38... Rb2) 39. Ra8 Bb5 40. Bb7 Ra2+ 41.
Kh3 $2 (41. Kg1 Ra1+ 42. Kf2 Ra2+ 43. Ke1 Re2+ 44. Kd1 Rxe3 45. a6 Ke7 46. a7
Ra3 $11 47. Kc1 Bd7 48. Bf3 Ra5 49. Bxh5 (49. Kb2 Kd6 50. Kc3 Ra3+ 51. Kb4 Ra4+
52. Kb3 Ra5 $11) 49... Bc6 $11 {KomodoDragon3}) 0-1

[Event "WLS Seniors ch"]
[Site "?"]
[Date "2022.09.04"]
[Round "4.1"]
[White "Penny, Liam"]
[Black "Morris, Charles F"]
[Result "0-1"]
[WhiteElo "1765"]
[BlackElo "2082"]
[Annotator "kemen"]
[PlyCount "62"]
[EventDate "2022.09.03"]
[SourceVersionDate "2022.09.05"]

1. d4 d5 (1... Nf6 2. Nc3 d5 3. Bf4 c5 4. e4 {is a gambit in the Jobava London
System (covered in this months ChessBase magazine}) 2. Bf4 c5 3. e4 {has been
tried out in a Tang-Carlsen bullet match in 2021,, and by others,especially
Bortnyk} (3. e3) (3. c3 {main lines}) 3... dxe4 4. d5 Nf6 5. Nc3 a6 6. Nge2 {
Stockfish15, claiming equality- 3 draws, 2 Bl wins} (6. Qe2 {in 54 games 54%
for Wh}) 6... b5 7. Ng3 b4 (7... Bb7 8. Ngxe4 Nxe4 9. Nxe4 e6 10. Bg5 (10. c4
$11 {Cloud Engines}) 10... Qxd5 $19 {Popa-Anghel, ROM ch U14 girls,
Calimanesti 2018,0-1}) 8. Ncxe4 Nxd5 9. Bc4 e6 (9... Be6 10. Bxb8 (10. Nd6+
exd6 11. Bxd5 {DeepFritz14} Ra7 12. Qd2 Be7 13. O-O-O O-O 14. Rhe1 $18) 10...
Rxb8 11. Qf3 Qc7 12. Bb3 $18 {KomodoDragon3}) 10. Bg5 $18 f6 (10... Be7 11.
Bxe7 Qxe7 12. Bxd5 exd5 13. Qxd5 $18 {Cloud Engines}) 11. Bxd5 (11. Qh5+ $1 {
Cloud Engines} g6 (11... Kd7 12. O-O-O Kc6 13. Be3 $18) 12. Nxf6+ Nxf6 13. Qf3
Be7 14. Qxa8 {Houdini3 in 2020 & Fritz15 in 2019}) 11... Qxd5 (11... exd5 12.
Qh5+ Kd7 13. O-O-O Kc6 14. Bf4 d4 15. c3 $14 {KomodoDragon3}) 12. Qh5+ $18 Ke7
13. Rd1 Qe5 (13... Qc6 {best ,apparently Deep Fritz14 & KomodoDragon3} 14. Bf4
g6 15. Qh4 Nd7 16. Bd6+ Kd8 17. Be5 g5 18. Bxf6+ Kc7 19. Qxg5 $18) 14. f4 Qxb2
(14... Qc7 {both Engines} 15. f5 Qe5 16. O-O $18) 15. Bxf6+ gxf6 16. Nd6 (16.
Qxc5+ $1 Kf7 17. Qxc8 $18 {the Bl pieces are just btstanders}) (16. O-O $18 {
Julie, 2nd choice Engines}) (16. f5 $18) (16. Rd2) 16... Qc3+ $11 17. Kf1 $2 (
17. Rd2 Qxd2+ 18. Kxd2 Kxd6 19. Qf7 Nd7 20. Rd1 Kc7 21. Kc1 $11 {KomodoDragon3}
) (17. Kf2 Qxc2+ 18. Ne2 Bd7 19. f5 (19. Rc1 Qg6 20. Qxc5 $16) 19... exf5 {
is dangerous- KomodoDragon3 initially calculates as =, but tooo many open lines
} (19... Kd8 20. fxe6 Bxd6 21. Rxd6 Kc7 22. Rc1 Qxc1 23. Nxc1 Kxd6 24. Nd3 $1
Rc8 25. exd7 Nxd7 26. Nf4 $11) 20. Qf7+ Kd8 21. Rc1 Qd2 22. Rhd1 Qh6 23. Nb7+
Kc8 24. Nxc5 Bxc5+ 25. Rxc5+ Bc6 26. Rc4 Qf8 27. Qe6+ Kb7 28. Nd4 $18) 17...
Bd7 $19 18. Qf7+ Kd8 19. Nge4 Qxc2 (19... Qb2 20. Nc4 Qxc2 $19 {Deep Fritz14}
21. Qxf6+ Kc8 22. Qxh8 Qxd1+ 23. Kf2 Qd4+ 24. Qxd4 cxd4 $19 {KomodoDragon3}) (
19... Qe3 {KomodoDragon3} 20. Qxf6+ Kc7 21. Qxh8 Nc6 22. Nf2 Nd4 23. Qe5 Qxe5
24. fxe5 Ba4 25. Rd2 Bxc2 $19 {the Wh pieces have lost coordination}) 20. Qxf6+
(20. Rd2 $1 {both Engines} Qc1+ 21. Kf2 Qxh1 22. Nxc5 Bxd6 23. Rxd6 Kc7 (23...
Ra7 24. Qxf6+ $18) 24. Rxd7+ Nxd7 25. Qxd7+ Kb6 26. Na4+ Ka5 27. Qc7+ Kxa4 28.
Qc6+ Ka5 29. Qc5+ $11 {KomodoDragon3}) 20... Kc7 21. Rd2 Qc1+ 22. Kf2 Qxh1 23.
Ne8+ $2 {there is no mate on d8 though} (23. Qxh8 Nc6 24. Qxh7 Bxd6 25. Nxd6
Qc1 $19) 23... Bxe8 24. Qxh8 Nd7 25. Qxh7 Qa1 $19 (25... c4 $19) 26. Ng5 Qf6
27. Qe4 Rc8 28. Nxe6+ Kb8 29. Qc4 Bf7 30. Qxa6 Qxe6 31. Qb5+ Nb6 0-1

[Event "WLS Seniors ch"]
[Site "?"]
[Date "2022.09.04"]
[Round "4.2"]
[White "Davis, Lee"]
[Black "Williams, Duncan"]
[Result "0-1"]
[WhiteElo "1922"]
[BlackElo "1725"]
[Annotator "kemen"]
[PlyCount "92"]
[EventDate "2022.09.03"]
[SourceVersionDate "2022.09.05"]

1. d4 d5 2. g3 Bf5 3. Bg2 e6 4. Nf3 Be7 (4... Nf6 5. O-O Be7 6. c4 {main}) 5.
O-O h6 6. c4 c6 7. Nc3 Nf6 {transposes back to 910 games} 8. Qb3 {main} Qb6 9.
c5 Qxb3 10. axb3 Na6 (10... Nbd7 {alternative}) 11. Bf4 O-O 12. Rfc1 g5 (12...
Rfc8 {Landgraf-Goldberg, Oberliga Ost, 1994, draw agreed}) 13. Bd2 Ne4 14. Nxe4
Bxe4 15. Ne5 Bxg2 16. Kxg2 Kh7 (16... Nc7 $11) 17. Nxc6 (17. Rxa6 $1 bxa6 18.
Nxc6 $18 {FatFritz2 & KomodoDragon3} Bd8 19. Ra1 a5 20. Kf3 a6 21. Ke3 Bc7 22.
Bxa5 Bxa5 23. Nxa5 Rfb8 24. Kd3 Rb5 25. Kc3 e5 26. e3 Rab8 27. Ra3 Rc8 28. Nc4
exd4+ 29. exd4 dxc4 30. bxc4 Rb7 31. b4 $18) 17... Nxc5 18. dxc5 bxc6 19. Ra6
Rfc8 20. b4 $16 e5 (20... Bf6 21. Bc3 Kg6 $16 {KomodoDragon3}) 21. Rca1 $18 (
21. b5 cxb5 22. b4 Rc7 23. Rca1 $18 {KomodoDragon3}) 21... Rc7 22. f4 (22. R1a5
Kg7 23. b5 cxb5 24. b4 Rb7 25. h4 $18 {KomodoDragon3}) (22. g4 Kg7 23. h3 Kf8
24. e3 $18 {FatFritz2}) 22... gxf4 23. gxf4 f6 (23... Rg8+ $5 {Bl gets a bit
of activity}) 24. Kh3 (24. f5 {both Engines}) 24... Kg6 25. fxe5 (25. Rf1)
25... fxe5 26. b5 Bxc5 (26... Rb8 27. Rxc6+ Rxc6 28. bxc6 Bxc5 29. Ra5 Bd4 30.
e3 Bb6 31. Rxd5 Kf5 $14 {KomodoDragon3}) 27. b4 (27. Ba5 $1 Rcc8 28. bxc6 $18 {
both Engines}) 27... Bd4 $11 28. R1a2 (28. Rc1 Kf5 29. Raxc6 Rxc6 30. bxc6 Bb6
$11 {KomodoDragon3}) 28... Rac8 $19 {both Engines} 29. bxc6 Rxc6 30. b5 Rxa6 (
30... Rf6) 31. Rxa6+ Bb6 32. Ba5 Rb8 33. Kg4 h5+ 34. Kf3 Rf8+ (34... Kf5) 35.
Kg3 Rf6 36. Bb4 d4 (36... Kf5) 37. Be7 Re6 38. Bc5 Kf5 39. Bxb6 (39. Bf8 $5)
39... axb6 (39... Rxb6 {KomodoDragon3}) 40. Ra8 Ke4 41. Rh8 Ke3 42. Rxh5 Kxe2
43. Rf5 Rg6+ 44. Kh4 e4 45. Re5 e3 46. Kh5 Rg2 0-1